[Event "Lovfalds 15th F"]
[Site "Ringsted"]
[Date "2001.09.16"]
[Round "5"]
[White "Bruun, Thora"]
[Black "Runge, Johnny"]
[Result "1-0"]
[WhiteElo "1200"]
[BlackElo "1190"]
[PlyCount "49"]
[EventDate "2001.09.14"]
[EventType "swiss"]
[EventRounds "5"]
[EventCountry "DEN"]
[SourceTitle "EXT 2023"]
[Source "ChessBase"]
[SourceDate "2022.10.05"]
[SourceVersion "1"]
[SourceVersionDate "2022.10.05"]
[SourceQuality "1"]

1. d4 d5 2. c4 e6 3. Nc3 Bb4 4. Qc2 c5 5. dxc5 dxc4 6. e4 Bxc5 7. Bxc4 Nc6 8. Nf3 Nf6 9. Bg5 h6 10. Bh4 g5 11. Bg3 Bd7 12. 0-0-0 Nh5 13. Be5 Rh7 14. Nb5 Rc8 15. a3 g4 16. Bd6 gxf3 17. Bxc5 Qg5+ 18. Be3 Qg6 19. Nd6+ Kd8 20. Nxc8 Kxc8 21. gxf3 Rg7 22. Qd2 f6 23. Bxh6 Rh7 24. Be3 Ng7 25. Qxd7+ 1-0

[Event "Lovfalds 15th F"]
[Site "Ringsted"]
[Date "2001.09.14"]
[Round "1"]
[White "Pedersen, Jon"]
[Black "Bruun, Thora"]
[Result "1-0"]
[WhiteElo "1204"]
[BlackElo "1200"]
[PlyCount "73"]
[EventDate "2001.09.14"]
[EventType "swiss"]
[EventRounds "5"]
[EventCountry "DEN"]
[SourceTitle "EXT 2023"]
[Source "ChessBase"]
[SourceDate "2022.10.05"]
[SourceVersion "1"]
[SourceVersionDate "2022.10.05"]
[SourceQuality "1"]

1. e4 e5 2. f4 exf4 3. Nf3 Nf6 4. e5 Ng4 5. d4 g5 6. h4 Bh6 7. Nxg5 Bxg5 8. Qxg4 d6 9. Qxg5 Qxg5 10. hxg5 Nc6 11. Bb5 Bd7 12. Bxc6 Bxc6 13. 0-0 h6 14. Bxf4 Rg8 15. exd6 hxg5 16. Re1+ Kf8 17. Bg3 cxd6 18. Nc3 Rg6 19. d5 Bd7 20. Rf1 Kg7 21. Ne4 f5 22. Nc3 f4 23. Bf2 a6 24. Ne2 Bg4 25. Rfe1 f3 26. Nd4 Rf8 27. Re4 Bh5 28. gxf3 Bxf3 29. Nxf3 Rxf3 30. Bd4+ Kh6 31. Kg2 g4 32. Rh1+ Kg5 33. Rf1 Rh3 34. Be3+ Kh5 35. Rf5+ Kh4 36. Bf2+ Rg3+ 37. Bxg3# 1-0